000 01101cam a2200301Ma 4500
001 754767391
003 OSt
005 20161129102719.0
006 m eq h
008 110314t20112011nyua b 001 0 eng d
020 _a9780521702027
035 _a(OCoLC)754767391
040 _aCNNOR
_beng
_cCNNOR
_dSIN
082 0 4 _a428.64
_222
_bDLR
100 1 _aDRISCOLL ,LIZ
_956876
245 1 0 _aReal reading.
_n1 :/
_cLIZ DRISCOLL
260 _aWhite Plains, NY :
_bPearson Longman,
_cc2011
300 _axx, 252 pages :
_bcolor illustrations ;
_c26 cm +
_e1 computer disc (4 3/4 in.)
500 _aAccompanying CD contains MP3 audio files
504 _aIncludes bibliographical references and index
650 0 _aEnglish language
_vTextbooks for foreign speakers
_956877
650 0 _aEnglish language
_xStudy and teaching
_xForeign speakers
_956878
650 0 _aReading comprehension
_956879
650 0 _aVocabulary
_vProblems, exercises, etc
_956880
650 0 _aEnglish language
_vSound recordings for foreign speakers
_910919
700 1 _aNation, I. S. P
_935534
942 _2ddc
_cBOOK
999 _c39871
_d274371